[Event "HUN-chT 2324"]
[Site "Hungary"]
[Date "2023.10.29"]
[Round "2.5"]
[White "Roganovic, Milos"]
[Black "Nemeth, Miklos"]
[Result "1/2-1/2"]
[WhiteElo "2447"]
[BlackElo "2425"]
[PlyCount "53"]
[EventDate "2023.10.28"]
[EventType "team-tourn"]
[EventRounds "9"]
[EventCountry "HUN"]
[SourceTitle "Mega2024 Update 01"]
[Source "Chessbase"]
[SourceDate "2023.11.12"]
[SourceVersion "1"]
[SourceVersionDate "2023.11.12"]
[SourceQuality "1"]
[WhiteTeam "Kobanya Aquarena"]
[BlackTeam "Haladas"]
[WhiteTeamCountry "HUN"]
[BlackTeamCountry "HUN"]

1. e4 e5 2. Nf3 Nc6 3. Bc4 Nf6 4. d3 h6 5. 0-0 d6 6. c3 g6 7. d4 Qe7 8. dxe5 Nxe5 9. Nxe5 dxe5 10. Qe2 Bg7 11. b3 0-0 12. Ba3 c5 13. b4 Be6 14. Nd2 Rfd8 15. Bxe6 Qxe6 16. bxc5 Qc6 17. Rfd1 Bf8 18. Qe3 Qa4 19. c4 Rac8 20. Qb3 Qa5 21. Bb4 Qc7 22. Qf3 Qc6 23. Bc3 Re8 24. Bb4 Red8 25. Bc3 Re8 26. Bb4 Red8 27. Bc3 1/2-1/2

[Event "SRB-chT Premier"]
[Site "Bajina Basta"]
[Date "2023.09.18"]
[Round "1.1"]
[White "Tadic, Stefan"]
[Black "Roganovic, Milos"]
[Result "1-0"]
[WhiteElo "2386"]
[BlackElo "2470"]
[PlyCount "79"]
[EventDate "2023.09.18"]
[EventType "team-tourn"]
[EventRounds "11"]
[EventCountry "SRB"]
[SourceTitle "EXT 2024"]
[Source "ChessBase"]
[SourceDate "2023.10.10"]
[SourceVersion "1"]
[SourceVersionDate "2023.10.10"]
[SourceQuality "1"]
[WhiteTeam "Elemir Naftagas"]
[BlackTeam "Goracici Jelica"]
[WhiteTeamCountry "SRB"]
[BlackTeamCountry "SRB"]

1. e4 c5 2. Nf3 Nc6 3. Bb5 e6 4. 0-0 Nge7 5. c3 a6 6. Ba4 b5 7. Bc2 Bb7 8. d4 cxd4 9. Nxd4 e5 10. Ne2 g6 11. a4 Bg7 12. axb5 axb5 13. Rxa8 Bxa8 14. Na3 b4 15. Nb5 0-0 16. Nd6 Nc8 17. Be3 bxc3 18. bxc3 Na5 19. Bc5 Nxd6 20. Bxd6 Re8 21. Qd3 Nb7 22. Bb4 Qc7 23. Rd1 Nc5 24. Qb5 Bf8 25. Bxc5 Qxc5 26. Qxc5 Bxc5 27. Rxd7 Bc6 28. Rc7 Re6 29. Ba4 Bxf2+ 30. Kxf2 Bxa4 31. Ke3 Rc6 32. Rxc6 Bxc6 33. g4 Kg7 34. c4 Kf6 35. h4 g5 36. h5 Bd7 37. Kf3 Ke6 38. Nc3 h6 39. Nd5 Ba4 40. Ne3 1-0

[Event "Gligoric Cup 9th"]
[Site "Paracin"]
[Date "2023.05.18"]
[Round "4.2"]
[White "Roganovic, Milos"]
[Black "Tadic, Stefan"]
[Result "1/2-1/2"]
[WhiteElo "2478"]
[BlackElo "2358"]
[PlyCount "37"]
[EventDate "2023.05.16"]
[EventType "team-swiss"]
[EventRounds "5"]
[EventCountry "SRB"]
[SourceTitle "CBM 214 Extra"]
[Source "ChessBase"]
[SourceDate "2023.07.31"]
[SourceVersion "1"]
[SourceVersionDate "2023.07.31"]
[SourceQuality "1"]
[WhiteTeam "Goracici Jelica"]
[BlackTeam "Vreoci Turbina"]
[WhiteTeamCountry "SRB"]
[BlackTeamCountry "SRB"]

1. e4 c5 2. Nf3 e6 3. d4 cxd4 4. Nxd4 Nf6 5. Nc3 Nc6 6. Be2 Bb4 7. 0-0 Bxc3 8. bxc3 Nxe4 9. Bd3 d5 10. Nxc6 bxc6 11. Ba3 c5 12. Bxe4 dxe4 13. Bxc5 Qd5 14. Qd4 Qxd4 15. cxd4 Ba6 16. Rfe1 f5 17. Rab1 Kd7 18. Rb4 Rhb8 19. Reb1 1/2-1/2

[Event "Gligoric Cup 9th"]
[Site "Paracin"]
[Date "2023.05.17"]
[Round "2.2"]
[White "Radojicic, Aleksandar M"]
[Black "Roganovic, Milos"]
[Result "0-1"]
[WhiteElo "2226"]
[BlackElo "2478"]
[PlyCount "60"]
[EventDate "2023.05.16"]
[EventType "team-swiss"]
[EventRounds "5"]
[EventCountry "SRB"]
[SourceTitle "CBM 214 Extra"]
[Source "ChessBase"]
[SourceDate "2023.07.31"]
[SourceVersion "1"]
[SourceVersionDate "2023.07.31"]
[SourceQuality "1"]
[WhiteTeam "Paracin"]
[BlackTeam "Goracici Jelica"]
[WhiteTeamCountry "SRB"]
[BlackTeamCountry "SRB"]

1. d4 Nf6 2. Nc3 d5 3. Bf4 e6 4. Nb5 Na6 5. e3 c6 6. Nc3 Be7 7. Bxa6 bxa6 8. Nf3 0-0 9. Ne5 Bb7 10. 0-0 c5 11. Na4 cxd4 12. exd4 Nd7 13. c3 f6 14. Nd3 e5 15. Bg3 e4 16. Nf4 Qc8 17. b4 Bc6 18. Nc5 f5 19. Qb3 Nb6 20. Nfe6 Bxc5 21. bxc5 Qxe6 22. cxb6 f4 23. Bh4 Qg4 24. g3 Rab8 25. Be7 Rxb6 26. Qd1 f3 27. Kh1 Rf5 28. a4 Rb2 29. Rb1 Qh3 30. Rg1 Rxf2 0-1

[Event "SRB-chT Premier"]
[Site "Vrnjacka Banja"]
[Date "2022.09.30"]
[Round "11.3"]
[White "Solak, Dragan"]
[Black "Roganovic, Milos"]
[Result "1/2-1/2"]
[WhiteElo "2592"]
[BlackElo "2487"]
[PlyCount "85"]
[EventDate "2022.09.20"]
[EventType "team-tourn"]
[EventRounds "11"]
[EventCountry "SRB"]
[SourceTitle "CBM 210 Extra"]
[Source "ChessBase"]
[SourceDate "2022.11.30"]
[SourceVersion "1"]
[SourceVersionDate "2022.11.30"]
[SourceQuality "1"]
[WhiteTeam "Novi Sad SK"]
[BlackTeam "Goracici Jelica"]
[WhiteTeamCountry "SRB"]
[BlackTeamCountry "SRB"]

1. e4 c5 2. Nf3 Nc6 3. d4 cxd4 4. Nxd4 Nf6 5. Nc3 e5 6. Ndb5 d6 7. Bg5 a6 8. Na3 b5 9. Nd5 Be7 10. Bxf6 Bxf6 11. c3 Bg5 12. Nc2 Rb8 13. a4 bxa4 14. Ncb4 Nxb4 15. cxb4 0-0 16. h4 Bh6 17. Rxa4 a5 18. b5 Bd7 19. Nc3 Kh8 20. Be2 Be6 21. Bg4 Rc8 22. g3 Bxg4 23. Qxg4 d5 24. exd5 f5 25. Qe2 f4 26. 0-0 Qd7 27. g4 f3 28. Qxe5 Rce8 29. Qg3 g5 30. hxg5 Bxg5 31. Rd1 Re7 32. Re4 Rxe4 33. Nxe4 Rf4 34. Nxg5 Rxg4 35. Nxf3 Rxg3+ 36. fxg3 Qxb5 37. Rd2 Qb6+ 38. Kg2 Qd6 39. Ng5 Qb4 40. Nf3 Qd6 41. Ng5 Qb4 42. Rf2 Qb5 43. Rd2 1/2-1/2

[Event "SRB-chT Premier"]
[Site "Vrnjacka Banja"]
[Date "2022.09.28"]
[Round "9.4"]
[White "Djukic, Nikola"]
[Black "Roganovic, Milos"]
[Result "1/2-1/2"]
[WhiteElo "2536"]
[BlackElo "2487"]
[PlyCount "52"]
[EventDate "2022.09.20"]
[EventType "team-tourn"]
[EventRounds "11"]
[EventCountry "SRB"]
[SourceTitle "CBM 210 Extra"]
[Source "ChessBase"]
[SourceDate "2022.11.30"]
[SourceVersion "1"]
[SourceVersionDate "2022.11.30"]
[SourceQuality "1"]
[WhiteTeam "Pozega"]
[BlackTeam "Goracici Jelica"]
[WhiteTeamCountry "SRB"]
[BlackTeamCountry "SRB"]

1. e4 c5 2. Nf3 Nc6 3. d4 cxd4 4. Nxd4 g6 5. c4 Nf6 6. Nc3 d6 7. f3 Bg7 8. Be3 0-0 9. Be2 Nd7 10. Qd2 Nxd4 11. Bxd4 Bxd4 12. Qxd4 Qb6 13. 0-0-0 Qxd4 14. Rxd4 Nf6 15. Nd5 Nxd5 16. exd5 Bd7 17. Re1 Rac8 18. Bd3 e5 19. dxe6 Bxe6 20. Kb1 Rfd8 21. Rd1 Kf8 22. b3 Ke7 23. Be4 b6 24. Kb2 Rc5 25. a4 f5 26. Bd3 a5 1/2-1/2

[Event "SRB-chT Premier"]
[Site "Vrnjacka Banja"]
[Date "2022.09.25"]
[Round "6.2"]
[White "Tadic, Branko"]
[Black "Roganovic, Milos"]
[Result "1/2-1/2"]
[WhiteElo "2455"]
[BlackElo "2487"]
[PlyCount "115"]
[EventDate "2022.09.20"]
[EventType "team-tourn"]
[EventRounds "11"]
[EventCountry "SRB"]
[SourceTitle "CBM 210 Extra"]
[Source "ChessBase"]
[SourceDate "2022.11.30"]
[SourceVersion "1"]
[SourceVersionDate "2022.11.30"]
[SourceQuality "1"]
[WhiteTeam "Opovo Bata Cosic"]
[BlackTeam "Goracici Jelica"]
[WhiteTeamCountry "SRB"]
[BlackTeamCountry "SRB"]

1. Nf3 Nf6 2. d4 g6 3. g3 Bg7 4. Bg2 d5 5. 0-0 0-0 6. c3 Nc6 7. a4 Re8 8. Bf4 Nh5 9. Bg5 h6 10. Be3 Nf6 11. h3 e5 12. dxe5 Nxe5 13. Nxe5 Rxe5 14. Bd4 Re8 15. Nd2 Qe7 16. Re1 c5 17. Bxf6 Bxf6 18. e4 d4 19. e5 Bg7 20. f4 Rd8 21. c4 Be6 22. Kh2 d3 23. Ra3 Rd4 24. Rb3 Rb8 25. Re4 Rd7 26. Re3 Rbd8 27. Be4 b6 28. Rbxd3 Rxd3 29. Bxd3 Qd7 30. Ne4 Bxc4 31. Nd6 Bxd3 32. Rxd3 h5 33. b3 Qe6 34. Nb5 Rxd3 35. Qxd3 h4 36. gxh4 Qe7 37. Kg3 Qb7 38. Qf3 Qd7 39. Nd6 c4 40. Nxc4 Qd4 41. Qe3 Qd5 42. Nd6 Bf8 43. Ne4 Be7 44. Nf6+ Bxf6 45. exf6 Kh7 46. b4 Qd6 47. Qc3 Qd1 48. Qc4 Qg1+ 49. Kf3 Qd1+ 50. Kg2 Qd2+ 51. Kf1 Qd1+ 52. Kf2 Qd2+ 53. Kf3 Qd1+ 54. Ke4 Qe1+ 55. Kd4 Qa1+ 56. Kd3 Qf1+ 57. Kc3 Qc1+ 58. Kd3 1/2-1/2

[Event "HUN-chT 2122"]
[Site "Hungary"]
[Date "2021.12.05"]
[Round "3.5"]
[White "Kantor, Gergely"]
[Black "Roganovic, Milos"]
[Result "1-0"]
[WhiteElo "2566"]
[BlackElo "2484"]
[PlyCount "101"]
[EventDate "2021.10.10"]
[EventType "team-tourn"]
[EventRounds "9"]
[EventCountry "HUN"]
[SourceTitle "EXT 2023"]
[Source "ChessBase"]
[SourceDate "2022.10.05"]
[SourceVersion "1"]
[SourceVersionDate "2022.10.05"]
[SourceQuality "1"]
[WhiteTeam "Tungsram ANSK"]
[BlackTeam "Kobanya Aquarena"]
[WhiteTeamCountry "HUN"]
[BlackTeamCountry "HUN"]

1. d4 Nf6 2. c4 e6 3. Nf3 d5 4. Nc3 Nbd7 5. Bf4 dxc4 6. e3 b5 7. Nxb5 Bb4+ 8. Nc3 Nd5 9. Rc1 Nxf4 10. exf4 Bd6 11. Ne5 Nb6 12. Bxc4 Nxc4 13. Qa4+ Bd7 14. Qxc4 Rb8 15. Qe2 0-0 16. 0-0 Bxe5 17. dxe5 Bc6 18. Rfd1 Qc8 19. b3 Qb7 20. f3 Rfd8 21. Qe3 h6 22. Rd4 a5 23. Rcd1 Qa8 24. Kf2 Rxd4 25. Qxd4 Kh7 26. Qc5 a4 27. b4 a3 28. Rd4 Be8 29. Rc4 Rc8 30. b5 Rb8 31. Ra4 Qb7 32. Rxa3 Bxb5 33. Ra7 Qb6 34. Qxb6 Rxb6 35. Rxc7 Kg6 36. a4 Ba6 37. Ke3 Rb2 38. g4 Rxh2 39. a5 Rc2 40. Rc5 h5 41. f5+ exf5 42. Rc6+ f6 43. gxh5+ Kxh5 44. e6 Kg6 45. Nd5 Rxc6 46. Ne7+ Kh7 47. Nxc6 Kg8 48. Kd4 Kf8 49. Kc5 Ke8 50. Kd6 g5 51. Nb4 1-0

[Event "SRB-chT Premier"]
[Site "Vrnjacka Banja"]
[Date "2021.09.11"]
[Round "6.5"]
[White "Roganovic, Milos"]
[Black "Kovacevic, Aleksandar"]
[Result "1/2-1/2"]
[WhiteElo "2490"]
[BlackElo "2485"]
[PlyCount "45"]
[EventDate "2021.09.07"]
[EventType "team-tourn"]
[EventRounds "11"]
[EventCountry "SRB"]
[SourceTitle "CBM 204 Extra"]
[Source "ChessBase"]
[SourceDate "2021.11.30"]
[SourceVersion "1"]
[SourceVersionDate "2021.11.30"]
[SourceQuality "1"]
[WhiteTeam "Lucani Mladost"]
[BlackTeam "Novi Sad SK"]
[WhiteTeamCountry "SRB"]
[BlackTeamCountry "SRB"]

1. e4 c5 2. Nf3 d6 3. Bb5+ Nd7 4. 0-0 a6 5. Bd3 Ngf6 6. c3 b5 7. a4 c4 8. Be2 Bb7 9. axb5 axb5 10. Rxa8 Bxa8 11. Na3 Bxe4 12. Nxb5 e6 13. Bxc4 Be7 14. Re1 0-0 15. Ng5 d5 16. Nxe4 dxc4 17. Nxf6+ Nxf6 18. b3 cxb3 19. Nd4 b2 20. Bxb2 Bc5 21. Nb3 Bxf2+ 22. Kxf2 Qb6+ 23. d4 1/2-1/2

[Event "SRB-chT Premier"]
[Site "Ruma"]
[Date "2020.10.03"]
[Round "11.1"]
[White "Atalik, Suat"]
[Black "Roganovic, Milos"]
[Result "1-0"]
[WhiteElo "2509"]
[BlackElo "2505"]
[PlyCount "39"]
[EventDate "2020.09.25"]
[EventType "team-tourn"]
[EventRounds "11"]
[EventCountry "SRB"]
[SourceTitle "CBM 198 Extra"]
[Source "ChessBase"]
[SourceDate "2020.11.30"]
[SourceVersion "1"]
[SourceVersionDate "2020.11.30"]
[SourceQuality "1"]
[WhiteTeam "Kac Jugovic"]
[BlackTeam "Lucani Mladost"]
[WhiteTeamCountry "SRB"]
[BlackTeamCountry "SRB"]

1. d4 Nf6 2. c4 g6 3. g3 Bg7 4. Bg2 d5 5. cxd5 Nxd5 6. e4 Nb6 7. Ne2 c5 8. d5 e6 9. 0-0 exd5 10. exd5 0-0 11. Nec3 Nc4 12. Nd2 Ne5 13. Nde4 Na6 14. Bg5 f6 15. Bf4 Re8 16. Nb5 Bf8 17. d6 Bd7 18. Nc7 Nxc7 19. dxc7 Qe7 20. Bxe5 1-0

[Event "HUN-chT 1920"]
[Site "Hungary"]
[Date "2019.12.01"]
[Round "3.4"]
[White "Tesik, Csaba"]
[Black "Roganovic, Milos"]
[Result "0-1"]
[WhiteElo "2287"]
[BlackElo "2498"]
[PlyCount "102"]
[EventDate "2019.11.16"]
[EventType "team-tourn"]
[EventRounds "9"]
[EventCountry "HUN"]
[SourceTitle "CBM 193 Extra"]
[Source "ChessBase"]
[SourceDate "2020.01.31"]
[SourceVersion "1"]
[SourceVersionDate "2020.01.31"]
[SourceQuality "1"]
[WhiteTeam "Maroczy"]
[BlackTeam "Kobanya Aquarena"]
[WhiteTeamCountry "HUN"]
[BlackTeamCountry "HUN"]

1. e4 c5 2. Nf3 Nc6 3. d4 cxd4 4. Nxd4 Nf6 5. Nc3 e5 6. Ndb5 d6 7. Bg5 a6 8. Na3 b5 9. Bxf6 gxf6 10. Nd5 Bg7 11. g3 f5 12. Bg2 f4 13. c3 0-0 14. 0-0 Ne7 15. Nc2 Ng6 16. a4 bxa4 17. Rxa4 a5 18. Qh5 Be6 19. Rd1 Rb8 20. Ra2 Qd7 21. Qe2 f5 22. exf5 Bxf5 23. Be4 Rf7 24. Rxa5 Rxb2 25. Ra8+ Bf8 26. Ndb4 Ne7 27. Ra2 Rxa2 28. Nxa2 Bg4 29. f3 Be6 30. Nab4 d5 31. Qa6 Rg7 32. Kf2 Bf7 33. g4 Qc7 34. Bd3 Qxc3 35. Qf6 Ng6 36. Nc6 Qc5+ 37. Kf1 Qd6 38. Qxd6 Bxd6 39. Re1 Nh4 40. Nxe5 Bxe5 41. Rxe5 Nxf3 42. Re2 Rxg4 43. h3 Rg1+ 44. Kf2 Rg3 45. Bf5 Kg7 46. Be6 Ng1 47. Re1 Bxe6 48. Rxe6 Nxh3+ 49. Ke1 f3 50. Ne3 f2+ 51. Ke2 Rg1 0-1

[Event "SRB-chT"]
[Site "Subotica"]
[Date "2019.08.28"]
[Round "7.5"]
[White "Roganovic, Milos"]
[Black "Lazic, Miroljub"]
[Result "1/2-1/2"]
[WhiteElo "2505"]
[BlackElo "2387"]
[PlyCount "46"]
[EventDate "2019.08.22"]
[EventType "team-tourn"]
[EventRounds "11"]
[EventCountry "SRB"]
[SourceTitle "EXT 2020"]
[Source "ChessBase"]
[SourceDate "2019.10.17"]
[SourceVersion "1"]
[SourceVersionDate "2019.10.17"]
[SourceQuality "1"]
[WhiteTeam "Goracici Jelica"]
[BlackTeam "Ruma Sloven"]
[WhiteTeamCountry "SRB"]
[BlackTeamCountry "SRB"]

1. e4 e5 2. Nf3 Nc6 3. Bc4 Bc5 4. d3 Nf6 5. 0-0 d6 6. c3 0-0 7. a4 a6 8. Bg5 h6 9. Bh4 Ba7 10. Na3 Be6 11. b4 Qe7 12. b5 axb5 13. axb5 Na5 14. Bxe6 Qxe6 15. Bxf6 Qxf6 16. Nc2 Bb6 17. Ne3 Bxe3 18. fxe3 Qe6 19. c4 b6 20. Nd2 Nb7 21. d4 Rxa1 22. Qxa1 Na5 23. Qc3 Re8 1/2-1/2

[Event "Vrnjacka Banja Gligoric Cup 6th"]
[Site "Vrnjacka Banja"]
[Date "2019.05.25"]
[Round "4.2"]
[White "Roganovic, Milos"]
[Black "Lajthajm, Borko"]
[Result "1/2-1/2"]
[WhiteElo "2507"]
[BlackElo "2426"]
[PlyCount "35"]
[EventDate "2019.05.23"]
[EventType "team-swiss"]
[EventRounds "5"]
[EventCountry "SRB"]
[SourceTitle "CBM 190 Extra"]
[Source "ChessBase"]
[SourceDate "2019.07.15"]
[SourceVersion "1"]
[SourceVersionDate "2019.07.15"]
[SourceQuality "1"]
[WhiteTeam "Goracici Jelica"]
[BlackTeam "Kac Jugovic"]
[WhiteTeamCountry "SRB"]
[BlackTeamCountry "SRB"]

1. e4 c5 2. Nf3 a6 3. c3 d6 4. d4 Nd7 5. Bc4 e6 6. 0-0 Qc7 7. Bb3 b5 8. a4 Bb7 9. axb5 Bxe4 10. bxa6 Ngf6 11. Bf4 c4 12. Bc2 Bb7 13. Nbd2 Rxa6 14. Rxa6 Bxa6 15. Qa1 Bb7 16. Qa4 Bd5 17. Ra1 Be7 18. Qa7 1/2-1/2

[Event "Gligoric Cup 5th"]
[Site "Novi Sad"]
[Date "2018.11.06"]
[Round "3.1"]
[White "Markovic, Miroslav"]
[Black "Roganovic, Milos"]
[Result "1-0"]
[WhiteElo "2466"]
[BlackElo "2524"]
[PlyCount "63"]
[EventDate "2018.11.04"]
[EventType "team-swiss"]
[EventRounds "5"]
[EventCountry "SRB"]
[SourceTitle "CBM 187 Extra"]
[Source "ChessBase"]
[SourceDate "2018.11.04"]
[SourceVersion "1"]
[SourceVersionDate "2018.11.04"]
[SourceQuality "1"]
[WhiteTeam "Valjevo"]
[BlackTeam "Goracici Jelica"]
[WhiteTeamCountry "SRB"]
[BlackTeamCountry "SRB"]

1. e4 c5 2. Nf3 g6 3. h4 Nc6 4. h5 Bg7 5. Nc3 e6 6. Bb5 Nd4 7. Be2 Ne7 8. d3 Nec6 9. Bf4 Nxe2 10. Qxe2 Nd4 11. Qd2 Nxf3+ 12. gxf3 d6 13. 0-0-0 Rg8 14. hxg6 hxg6 15. Rh7 g5 16. Be3 Bd7 17. Rg1 Bf6 18. f4 Qa5 19. e5 dxe5 20. Ne4 Qxd2+ 21. Kxd2 Be7 22. fxe5 Bc6 23. Nxg5 Rd8 24. Rg3 Bd5 25. b3 c4 26. bxc4 Bxc4 27. Nxf7 Rxg3 28. Nxd8 Rg4 29. Nxb7 Bxa2 30. c4 a5 31. Nd6+ Kd7 32. Ne4 1-0

[Event "Olympiad-43"]
[Site "Batumi"]
[Date "2018.10.03"]
[Round "9.1"]
[White "Gallego Alcaraz, Andres Felipe"]
[Black "Roganovic, Milos"]
[Result "1/2-1/2"]
[WhiteElo "2511"]
[BlackElo "2527"]
[PlyCount "114"]
[EventDate "2018.09.24"]
[EventType "team-swiss"]
[EventRounds "11"]
[EventCountry "GEO"]
[SourceTitle "CBM 187"]
[Source "ChessBase"]
[SourceDate "2018.12.11"]
[SourceVersion "1"]
[SourceVersionDate "2018.12.11"]
[SourceQuality "1"]
[WhiteTeam "Colombia"]
[BlackTeam "Serbia"]
[WhiteTeamCountry "COL"]
[BlackTeamCountry "SRB"]

1. d4 Nf6 2. c4 e6 3. Nf3 d5 4. g3 Be7 5. Bg2 0-0 6. 0-0 dxc4 7. Qc2 a6 8. a4 Bd7 9. Qxc4 Bc6 10. Bf4 Bd6 11. Bg5 Nbd7 12. Nc3 h6 13. Bxf6 Nxf6 14. Rfe1 Bd5 15. Qd3 Bxf3 16. Bxf3 c6 17. Red1 Qa5 18. Nb1 e5 19. Nd2 Qb4 20. dxe5 Bxe5 21. Nc4 Bc7 22. Qc3 Qxc3 23. bxc3 Rfd8 24. Rdb1 Rab8 25. a5 Nd7 26. Ra4 Nc5 27. Rab4 Kf8 28. Kg2 Ke7 29. h4 g5 30. hxg5 hxg5 31. Bg4 Rf8 32. Bf5 Kf6 33. Bc2 Rfe8 34. e3 Be5 35. Nb6 Bc7 36. Nc4 Be5 37. Nb6 Bc7 38. Rd4 Red8 39. Nc4 Ne6 40. Rxd8 Bxd8 41. f4 gxf4 42. gxf4 Bc7 43. Kf3 Nc5 44. Rh1 Ne6 45. Rh6+ Kg7 46. Rh7+ Kf6 47. Nd2 Nc5 48. Rh5 Rd8 49. Ke2 Rd5 50. Rh6+ Kg7 51. Rh7+ Kg8 52. Nc4 Na4 53. Rh1 Nxc3+ 54. Kf3 Rc5 55. Bd3 Rd5 56. Bc2 Rc5 57. Bd3 Rd5 1/2-1/2

[Event "Olympiad-43"]
[Site "Batumi"]
[Date "2018.10.01"]
[Round "7.10"]
[White "Kramnik, Vladimir"]
[Black "Roganovic, Milos"]
[Result "1-0"]
[WhiteElo "2779"]
[BlackElo "2527"]
[PlyCount "90"]
[EventDate "2018.09.24"]
[EventType "team-swiss"]
[EventRounds "11"]
[EventCountry "GEO"]
[SourceTitle "CBM 187"]
[Source "ChessBase"]
[SourceDate "2018.12.11"]
[SourceVersion "1"]
[SourceVersionDate "2018.12.11"]
[SourceQuality "1"]
[WhiteTeam "Russia"]
[BlackTeam "Serbia"]
[WhiteTeamCountry "RUS"]
[BlackTeamCountry "SRB"]

1. e4 c5 2. Nf3 Nc6 3. d4 cxd4 4. Nxd4 Nf6 5. Nc3 e5 6. Ndb5 d6 7. Nd5 Nxd5 8. exd5 Ne7 9. c4 Ng6 10. Qa4 Bd7 11. Qb4 Bf5 12. h4 a6 13. h5 Nf4 14. Nc3 Be7 15. Be3 Nd3+ 16. Bxd3 Bxd3 17. h6 0-0 18. Rd1 a5 19. Qb5 e4 20. hxg7 Re8 21. Rxd3 exd3 22. c5 Bg5 23. Qxd3 h6 24. Ne4 dxc5 25. Kf1 Rxe4 26. Qxe4 Bxe3 27. fxe3 Ra6 28. Rh5 Rg6 29. Kg1 Kxg7 30. Rf5 b5 31. Qe5+ Kg8 32. e4 c4 33. Qf4 Qd7 34. a3 Qa7+ 35. Kh2 b4 36. e5 Qd7 37. e6 fxe6 38. Rf8+ Kg7 39. Ra8 Kh7 40. Qd4 Qd6+ 41. Kh1 e5 42. Qxc4 bxa3 43. bxa3 Qxa3 44. Qc7+ Rg7 45. Qc2+ Rg6 1-0

[Event "Olympiad-43"]
[Site "Batumi"]
[Date "2018.09.30"]
[Round "6.19"]
[White "Roganovic, Milos"]
[Black "Ynojosa Aponte, Felix Jose"]
[Result "1-0"]
[WhiteElo "2527"]
[BlackElo "2370"]
[PlyCount "53"]
[EventDate "2018.09.24"]
[EventType "team-swiss"]
[EventRounds "11"]
[EventCountry "GEO"]
[SourceTitle "CBM 187"]
[Source "ChessBase"]
[SourceDate "2018.12.11"]
[SourceVersion "1"]
[SourceVersionDate "2018.12.11"]
[SourceQuality "1"]
[WhiteTeam "Serbia"]
[BlackTeam "Venezuela"]
[WhiteTeamCountry "SRB"]
[BlackTeamCountry "VEN"]

1. e4 c5 2. Nf3 Nc6 3. Bb5 e6 4. 0-0 Nge7 5. Re1 Nd4 6. Nxd4 cxd4 7. c3 a6 8. Bf1 Nc6 9. a4 Bc5 10. b4 Ba7 11. b5 Ne5 12. a5 axb5 13. Na3 Qxa5 14. Bb2 d3 15. Nc4 Qc7 16. Nxe5 Qxe5 17. Bxd3 0-0 18. Bc2 Qc7 19. e5 b4 20. cxb4 b5 21. Ra3 g6 22. Rh3 Bb7 23. Bd3 Qd8 24. Qg4 Bc6 25. Qf4 h5 26. Qh6 Qe7 27. Rxh5 1-0